Integrable systems : twistors, loop groups, and Riemann surfaces : based on lectures given at a conference on integrable systems organized by N.M.J. Woodhouse and held at the Mathematical Institute, University of Oxford, in September 1997 /

Guardado en:
Autor Principal: Hitchin, N. J. 1946-
Otros Autores: Segal, Graeme., Ward, R. S. 1951-
Formato: Libro
Idioma:English
Publicado: Oxford : Clarendon Press, c1999.
Series:Oxford graduate texts in mathematics ; 4
Materias:
Etiquetas: Agregar Etiqueta
Sin Etiquetas, Sea el primero en etiquetar este registro!
LEADER 01347cam a22002895a 4500
001 MAT.inmabb004874
008 990727s1999####enk######b####001#0#eng##
005 20130404141001.0
245 1 0 |a Integrable systems :  |b twistors, loop groups, and Riemann surfaces : based on lectures given at a conference on integrable systems organized by N.M.J. Woodhouse and held at the Mathematical Institute, University of Oxford, in September 1997 /  |c N.J. Hitchin, G.B. Segal, R.S. Ward. 
260 |a Oxford :  |b Clarendon Press,  |c c1999. 
300 |a viii, 136 p. ;  |c 24 cm. 
440 0 |a Oxford graduate texts in mathematics ;  |v 4 
504 |a Incluye referencias bibliográficas e índice. 
505 0 |a 1. Introduction / Nigel Hitchin -- 2. Riemann surfaces and integrable systems / Nigel Hitchin -- 3. Integrable systems and inverse scattering / Graeme Segal -- 4. Integrable systems and twistors / Richard Ward. 
510 4 |a MR,  |c 2000g:37003 
020 |a 0198504217 
100 1 |a Hitchin, N. J.  |q (Nigel J.),  |d 1946- 
700 1 |a Segal, Graeme. 
700 1 |a Ward, R. S.  |q (Richard Samuel),  |d 1951- 
650 0 |a Hamiltonian systems. 
650 0 |a Twistor theory. 
650 0 |a Loops (Group theory) 
650 0 |a Riemann surfaces. 
084 |a 37-06  |2 msc2000 
010 |a  99230321  
040 |a DLC  |c DLC  |d DLC 
859 |h 37  |i H675  |p A-8528  |b BIB. MATEMATICA